[Event "Regionalliga NO 0405"]
[Site "Bayern"]
[Date "2004.11.28"]
[Round "3.1"]
[White "Shapiro, Boris"]
[Black "Abel, Peter"]
[Result "1-0"]
[WhiteElo "2459"]
[BlackElo "2217"]
[PlyCount "101"]
[EventDate "2004.10.24"]
[EventType "team-tourn"]
[EventRounds "9"]
[EventCountry "GER"]
[SourceTitle "EXT 2007"]
[Source "ChessBase"]
[SourceDate "2006.11.23"]
[SourceVersion "1"]
[SourceVersionDate "2006.11.23"]
[SourceQuality "1"]
[WhiteTeam "Sinzing"]
[BlackTeam "Nuernberg Sued SW II"]
[WhiteTeamCountry "GER"]
[BlackTeamCountry "GER"]

1. d4 Nf6 2. Nf3 d5 3. c4 e6 4. Nc3 Nbd7 5. Bf4 c6 6. e3 Be7 7. Bd3 Nh5 8. Be5 Nxe5 9. Nxe5 Nf6 10. 0-0 0-0 11. c5 Nd7 12. f4 f5 13. Nxd7 Bxd7 14. b4 Qe8 15. Qe2 g5 16. Rab1 gxf4 17. exf4 b5 18. a4 a6 19. Ra1 Bf6 20. Qe3 Qg6 21. Rfd1 Rae8 22. axb5 axb5 23. Ra7 Rf7 24. Be2 Rg7 25. Bf3 Kh8 26. Ne2 Bc8 27. Rda1 Rxa7 28. Rxa7 Re7 29. Ra8 Re8 30. Kf1 Qg7 31. Ke1 Qb7 32. Qa3 Re7 33. Kd2 h6 34. Ke3 Kh7 35. Nc1 Qc7 36. Nd3 Rg7 37. Qa5 Qd7 38. Qb6 Bb7 39. Rb8 Bc8 40. Ne5 Bxe5 41. dxe5 Kg6 42. Ra8 Qc7 43. Kd4 Re7 44. Be2 Rf7 45. Ra3 Kh7 46. Bh5 Re7 47. Ra8 Kg7 48. Be8 Bb7 49. Rd8 Kh7 50. Qxc7 Rxc7 51. Rd7+ 1-0

[Event "AUT-chT2M 0304"]
[Site "Austria"]
[Date "2004.03.13"]
[Round "10.3"]
[White "Bukal, Vladimir Jr"]
[Black "Shapiro, Boris"]
[Result "1-0"]
[WhiteElo "2381"]
[BlackElo "2455"]
[PlyCount "87"]
[EventDate "2003.11.08"]
[EventType "team-tourn"]
[EventRounds "11"]
[EventCountry "AUT"]
[SourceTitle "CBM 097 Extra"]
[Source "ChessBase"]
[SourceDate "2004.01.13"]
[SourceVersion "1"]
[SourceVersionDate "2004.01.13"]
[SourceQuality "1"]
[WhiteTeam "Trofaiach Niklasdorf"]
[BlackTeam "Hoersching"]
[WhiteTeamCountry "AUT"]
[BlackTeamCountry "AUT"]

1. d4 Nf6 2. c4 e6 3. Nf3 Bb4+ 4. Nbd2 b6 5. g3 Bb7 6. Bg2 0-0 7. 0-0 Bxd2 8. Qxd2 d6 9. b3 Nbd7 10. Bb2 Be4 11. Rac1 Qb8 12. Qf4 Re8 13. g4 e5 14. dxe5 dxe5 15. Qg3 Qb7 16. Rfd1 Rad8 17. Rd2 Bc6 18. Nxe5 Nxe5 19. Rxd8 Rxd8 20. Bxe5 Bxg2 21. Qxg2 Qxg2+ 22. Kxg2 Ne8 23. c5 b5 24. Bf4 c6 25. Kf3 h6 26. h4 Rd5 27. e4 Rd7 28. Rc2 Kf8 29. Ke3 Ke7 30. Rd2 Ke6 31. Rxd7 Kxd7 32. Be5 a6 33. f4 f6 34. Bb8 Kc8 35. Bd6 Kd7 36. e5 Ke6 37. Ke4 Kd7 38. Kf5 fxe5 39. fxe5 a5 40. e6+ Kd8 41. g5 hxg5 42. hxg5 a4 43. bxa4 bxa4 44. Kg6 1-0